<?xml version="1.0" encoding="UTF-8"?>
<record
    xmlns:xsi="http://www.w3.org/2001/XMLSchema-instance"
    xsi:schemaLocation="http://www.loc.gov/MARC21/slim http://www.loc.gov/standards/marcxml/schema/MARC21slim.xsd"
    xmlns="http://www.loc.gov/MARC21/slim">

  <leader>01180nam a22002417a 4500</leader>
  <controlfield tag="003">OSt</controlfield>
  <controlfield tag="005">20210318124253.0</controlfield>
  <controlfield tag="008">210318s2012    mx ao||gr|||| 00| 0 spa d</controlfield>
  <datafield tag="020" ind1=" " ind2=" ">
    <subfield code="a">9789292484019</subfield>
  </datafield>
  <datafield tag="040" ind1=" " ind2=" ">
    <subfield code="a">CO-JMCR</subfield>
    <subfield code="c">CO-JMCR</subfield>
  </datafield>
  <datafield tag="041" ind1="0" ind2=" ">
    <subfield code="a">spa</subfield>
  </datafield>
  <datafield tag="082" ind1="0" ind2="4">
    <subfield code="a">338.1 / </subfield>
    <subfield code="b">I597s</subfield>
    <subfield code="2">23</subfield>
  </datafield>
  <datafield tag="110" ind1="1" ind2=" ">
    <subfield code="a">Instituto Interamericano de Cooperaci&#xF3;n Para la Agricultura</subfield>
    <subfield code="9">36295</subfield>
  </datafield>
  <datafield tag="245" ind1="1" ind2="0">
    <subfield code="a">70 a&#xF1;os de historia Instituto Interamericano de Cooperaci&#xF3;n para la Agricultura / </subfield>
  </datafield>
  <datafield tag="246" ind1="0" ind2=" ">
    <subfield code="a">Setenta a&#xF1;os de historia Instituto Interamericano de Cooperaci&#xF3;n para la Agricultura</subfield>
  </datafield>
  <datafield tag="250" ind1=" " ind2=" ">
    <subfield code="a">Primera edici&#xF3;n</subfield>
  </datafield>
  <datafield tag="260" ind1=" " ind2=" ">
    <subfield code="a">M&#xE9;xico : </subfield>
    <subfield code="b">Instituto Interamericano de Cooperaci&#xF3;n para la Agricultura, </subfield>
    <subfield code="c">2012</subfield>
  </datafield>
  <datafield tag="300" ind1=" " ind2=" ">
    <subfield code="a">197 p&#xE1;ginas : </subfield>
    <subfield code="b">ilustraciones y fotograf&#xED;as a color ; </subfield>
    <subfield code="c">32 cm.</subfield>
  </datafield>
  <datafield tag="505" ind1="0" ind2=" ">
    <subfield code="a">La primera d&#xE9;cada -- La d&#xE9;cada de 1950 --La d&#xE9;cada de 1960 -- La d&#xE9;cada de 1970 -- La d&#xE9;cada de 1980 -- La d&#xE9;cada de 1990 -- El nuevo milenio -- El IICA de hoy y sus retos</subfield>
  </datafield>
  <datafield tag="610" ind1="2" ind2="4">
    <subfield code="a">Instituto Interamericano de Cooperaci&#xF3;n para la Agricultura</subfield>
    <subfield code="x">Historia</subfield>
    <subfield code="9">36296</subfield>
  </datafield>
  <datafield tag="610" ind1="2" ind2="4">
    <subfield code="a">Instituto Interamericano de Cooperaci&#xF3;n para la Agricultura</subfield>
    <subfield code="x">Actividades</subfield>
    <subfield code="9">36297</subfield>
  </datafield>
  <datafield tag="942" ind1=" " ind2=" ">
    <subfield code="2">ddc</subfield>
    <subfield code="c">BK</subfield>
  </datafield>
  <datafield tag="999" ind1=" " ind2=" ">
    <subfield code="c">15430</subfield>
    <subfield code="d">15430</subfield>
  </datafield>
  <datafield tag="952" ind1=" " ind2=" ">
    <subfield code="0">0</subfield>
    <subfield code="1">0</subfield>
    <subfield code="2">ddc</subfield>
    <subfield code="4">0</subfield>
    <subfield code="7">0</subfield>
    <subfield code="8">NFIC</subfield>
    <subfield code="a">CPL</subfield>
    <subfield code="b">CPL</subfield>
    <subfield code="d">2020-10-02</subfield>
    <subfield code="e">Donaci&#xF3;n</subfield>
    <subfield code="l">0</subfield>
    <subfield code="o">338.1 /  I597s</subfield>
    <subfield code="p">201810907</subfield>
    <subfield code="r">2024-05-16 00:00:00</subfield>
    <subfield code="t">Ej.1</subfield>
    <subfield code="w">2021-03-18</subfield>
    <subfield code="y">BK</subfield>
  </datafield>
</record>
